Readings in international business management / (Record no. 60920)
[ view plain ]
| 000 -LEADER | |
|---|---|
| fixed length control field | 00966nam a2200253 a 4500 |
| 001 - CONTROL NUMBER | |
| control field | 60920 |
| 003 - CONTROL NUMBER IDENTIFIER | |
| rucl marc code | BD-RjUL |
| 005 - DATE AND TIME OF LATEST TRANSACTION | |
| control field | 20211209080910.0 |
| 008 - FIXED-LENGTH DATA ELEMENTS--GENERAL INFORMATION | |
| fixed length control field | 170104b1998 ii ||||| |||| 00| 0 eng d |
| 020 ## - INTERNATIONAL STANDARD BOOK NUMBER | |
| International Standard Book Number | 8174889019 |
| International Standard Book Number | 8174889000 |
| 035 ## - SYSTEM CONTROL NUMBER | |
| System control number | (BD-RjUL)61044 |
| 040 ## - CATALOGING SOURCE | |
| Original cataloging agency | BD-RjUL |
| Language of cataloging | eng |
| Transcribing agency | BD-RjUL |
| Modifying agency | BD-RjUL |
| 041 ## - LANGUAGE CODE | |
| Language code of text/sound track or separate title | eng |
| 082 ## - DEWEY DECIMAL CLASSIFICATION NUMBER | |
| Edition number | 23 |
| Classification number | 658.049 |
| Author mark and year | REA 1998 |
| 245 00 - TITLE STATEMENT | |
| Title | Readings in international business management / |
| Statement of responsibility, etc. | Subhash Lal |
| 250 ## - EDITION STATEMENT | |
| Edition statement | 1st ed. |
| 260 ## - PUBLICATION, DISTRIBUTION, ETC. (IMPRINT) | |
| Place of publication, distribution, etc. | New Delhi : |
| Name of publisher, distributor, etc. | Anmol Publications, |
| Date of publication, distribution, etc. | 1998. |
| 300 ## - PHYSICAL DESCRIPTION | |
| Pagination | v. ; |
| Size | 22 cm. |
| 505 0# - FORMATTED CONTENTS NOTE | |
| Formatted contents note | Vol. 1 International business and multinational enterprises -- Vol. 2 Global Economic and Business Environment -- Vol. 3 Profitability and Business Policy -- Vol. 4 International Finance and Investment Strategies -- |
| 650 ## - SUBJECT ADDED ENTRY--TOPICAL TERM | |
| Topical term or geographic name as entry element | International business enterprises |
| Form subdivision | Management. |
| Chronological subdivision | Business conditions |
| Geographic subdivision | International finance. |
| 9 (RLIN) | 181660 |
| 700 ## - ADDED ENTRY--PERSONAL NAME | |
| Personal name | Lal, Subhash |
| 942 ## - ADDED ENTRY ELEMENTS (KOHA) | |
| Source of classification or shelving scheme | Dewey Decimal Classification |
| Koha item type | Books |
| Lost status | Source of classification or shelving scheme | Damaged status | Not for loan | Collection code | Permanent Location | Current Location | Shelving location | Date acquired | Source of acquisition | Cost, normal purchase price | Total Checkouts | Full call number | Date last seen | Copy number | Koha item type |
|---|---|---|---|---|---|---|---|---|---|---|---|---|---|---|---|
| Dewey Decimal Classification | Not For Loan | Non-fiction | Central Library, University of Rajshahi | Central Library, University of Rajshahi | Reading Room | 25/08/2008 | Dhaka, Paragon Enterpries Ltd. | 3000.00 | 658.049 REA V-1 1998 | 04/01/2017 | C-1 | Books | |||
| Dewey Decimal Classification | Not For Loan | Non-fiction | Central Library, University of Rajshahi | Central Library, University of Rajshahi | Reading Room | 25/08/2008 | Dhaka, Paragon Enterprises Ltd. | 3000.00 | 658.049 REA V-2 1998 | 04/01/2017 | C-1 | Books | |||
| Dewey Decimal Classification | Not For Loan | Non-fiction | Central Library, University of Rajshahi | Central Library, University of Rajshahi | Reading Room | 25/08/2008 | Dhaka, Paragon Enterprises Ltd. | 3000.00 | 658.049 REA V-3 1998 | 04/01/2017 | C-1 | Books | |||
| Dewey Decimal Classification | Not For Loan | Non-fiction | Central Library, University of Rajshahi | Central Library, University of Rajshahi | Reading Room | 25/08/2008 | Dhaka, Paragon Enterprises Ltd. | 3000.00 | 658.049 REA V-4 1998 | 04/01/2017 | C-1 | Books |